000 00665nam a22002057a 4500
003 OSt
005 20260311045828.0
008 260311b |||||||| |||| 00| 0 eng d
020 _a9789717891507
040 _aDWCL-Main Lib
_cOC
082 _aProf. 248.4 Se479 2004
100 _aSepulveda, Art
245 _aHow to live life on purpose : discover your calling and how you can fulfill it /
260 _aTulsa, Okla :
_bHarrison House,
_cc 2004.
300 _axvii, 264 pages ;
_c22 cm.
504 _a1. Includes bibliographical references.
650 _aChristian life.
650 _aSelf - realization - Religious aspects.
942 _2ddc
_cPROF.
_mProf.
_n0
999 _c8925
_d8925